Swedish Allsvenskan Teams 2022 - Statistics

General Stats
  • This quiz has been taken 37 times
  • The average score is 11 of 16
Answer Stats
Lag % Correct
AIK
95%
Hammarby IF
95%
Malmö FF
95%
Djurgårdens IF
91%
IFK Göteborg
91%
BK Häcken
82%
Helsingborgs IF
77%
Kalmar FF
77%
IFK Norrköping
73%
IK Sirius
59%
GIF Sundsvall
55%
IFK Värnamo
55%
Degerfors IF
50%
Mjällby AIF
50%
Varberg BoIS
50%
IF Elfsborg
45%
No matching quizzes found
Score Distribution
Percent of People with Each Score
Percentile by Number Answered
Your Score History
You have not taken this quiz